MLB Teams that have won the World Series - Sudden Death - Statistics

General Stats
  • This quiz has been taken 255 times
  • The average score is 19 of 25
Answers on the Grid
Answers color-coded by a green-red scale on the quiz's grid according to % correct below.
Arizona Diamondbacks
Atlanta Braves
Baltimore Orioles
Boston Red Sox
Chicago Cubs
Chicago White Sox
Cincinnati Reds
Cleveland Guardians
Colorado Rockies
Detroit Tigers
Houston Astros
Kansas City Royals
Los Angeles Angels
Los Angeles Dodgers
Miami Marlins
Milwaukee Brewers
Minnesota Twins
New York Mets
New York Yankees
Philadelphia Phillies
Pittsburgh Pirates
Oakland Athletics
San Diego Padres
San Francisco Giants
Seattle Mariners
St. Louis Cardinals
Tampa Bay Rays
Texas Rangers
Toronto Blue Jays
Washington Nationals
 
Answer Stats
Answer % Correct
Boston Red Sox
95%
Chicago Cubs
95%
Atlanta Braves
92%
Los Angeles Dodgers
90%
New York Yankees
88%
Houston Astros
86%
Philadelphia Phillies
84%
Arizona Diamondbacks
82%
New York Mets
82%
Chicago White Sox
79%
Cincinnati Reds
76%
Kansas City Royals
76%
Baltimore Orioles
73%
Detroit Tigers
73%
St. Louis Cardinals
72%
Los Angeles Angels
71%
San Francisco Giants
70%
Miami Marlins
69%
Texas Rangers
69%
Oakland Athletics
68%
Cleveland Guardians
67%
Pittsburgh Pirates
65%
Minnesota Twins
63%
Toronto Blue Jays
63%
Washington Nationals
63%
No matching quizzes found
Score Distribution
Percent of People with Each Score
Percentile by Number Answered
Your Score History
You have not taken this quiz